000 00583nam a2200181 i 4500
001 75250
003 ES-MaACL
005 20230906172401.0
007 t|
008 040923s1953 sp ||||1| spa d
100 1 _aGonzález Vázquez, Ezequiel.
_959008
245 1 4 _aLos chopos y sus maderas /
_cEzequiel González Vázquez.
260 _aMadrid :
_b[s.n.],
_c1953 (
_eValencia :
_fTip. Moderna)
300 _aXXXI, 318 p. ;
_c26 cm.
505 8 _aContiene: Libro primero: Los chopos y sus cultivos
740 4 _aLos chopos y sus cultivos.
852 _aES-MaACL
_jD-8577
_bR.33417
999 _c75250
_d75250